Statistics for Lee Mack Filmography

Click here to take the quiz!

General Stats

  • This quiz has been taken 21 times
    (1 since last reset)
  • The average score is 4 of 58

Answer Stats

TypeYearName% Correct
TV Show2023Brassic
100%
TV Show2005Kelsey Grammer Presents: The Sketch Show
100%
TV Show2022-PresentThe 1% Club
100%
TV Show2001-2004The Sketch Show
100%
TV Show2005-20088 Out of 10 Cats
0%
TV Show2013-20228 Out of 10 Cats Does Countdown
0%
TV Show2015, 2021Alan Davies: As Yet Untitled
0%
TV Show2011Anna & Katy
0%
TV Show2016, 2021, 2022Ant & Dec's Saturday Night Takeaway
0%
TV Mini-Series2009Around the World in 80 Days
0%
TV Show2019Comedians Watching Football with Friends
0%
TV Show1999Comedy Café
0%
TV Show1996Cosmic Comedy
0%
TV Show2023Dancing with the Ice
0%
TV Show2014Dara O Briain: School of Hard Sums
0%
TV Show2024Detective Who
0%
TV Film2002Dick Whittington
0%
TV Show2018Doctor Who
0%
TV Show2014-2017Duck Quacks Don't Echo
0%
TV Show2022Freeze the Fear with Wim Hof
0%
TV Show1997-1998Gas
0%
TV Show2008-2018Have I Got News for You
0%
Film2019Horrible Histories: The Movie - Rotten Romans
0%
TV ShowTBAInflata Warrior
0%
TV Show2023Inside No. 9
0%
TV Show2005Just for Laughs
0%
Stand-Up Special2010Lee Mack: Going Out Live
0%
Stand-Up Special2007Lee Mack: Live
0%
Stand-Up Special2014Lee Mack Live: Hit the Road Mack
0%
TV Show2011Lee Mack's All Star Cast
0%
Short Film2000Lee Mack's New Bits with Catherine Tate and Dan Antopolski
0%
TV Show2011, 2013Let's Dance for Comic Relief
0%
TV Show2015Let's Play Darts
0%
Short Film2019Line of Duty Comic Relief Special
0%
TV Show2010Little Crackers
0%
TV Show2005, 2007, 2010Live at the Apollo
0%
TV Show2022Mully and Filly Get Chilly
0%
TV Show2021-2022Murder, They Hope
0%
TV Mini-Series2016National Treasure
0%
TV Show2010, 2012Never Mind the Buzzcocks
0%
TV Show2006-PresentNot Going Out
0%
TV Show2015Officially Amazing
0%
TV Show2016Outnumbered
0%
TV Show2010Popatron
0%
TV Show2009-2021QI
0%
TV Show2019-2020Semi-Detached
0%
TV Show2021Taskmaster
0%
TV Show2008Thank God You're Here
0%
TV Show2020The Chop: Britain's Top Woodworker
0%
TV Film2014The Feeling Nuts Comedy Night
0%
TV Show2006The Law of the Playground
0%
TV Show2023The Masked Singer UK
0%
TV Pilot2013The Smiths
0%
TV Show2000The Stand-Up Show
0%
TV Show1999, 2005-2006They Think It's All Over
0%
TV Show2018Top Gear
0%
TV Show2012Who Wants to Be a Millionaire
0%
TV Show2007-PresentWould I Lie to You?
0%

Score Distribution

Percentile by Number Answered

Percent of People with Each Score

Your Score History

You have not taken this quiz since the last reset